[Event "zonal 2.3"]
[Site "San Salvador ESA"]
[Date "1995.12.??"]
[Round "?"]
[White "Pazos Gambarrotti, Plinio"]
[Black "Guevara, Mario"]
[Result "1-0"]
[WhiteElo "2310"]
[BlackElo "2260"]
[EventDate "1995.12.??"]
[PlyCount "101"]

1.e4 e6 2.d4 d5 3.Nd2 Nf6 4.e5 Nfd7 5.c3 c5 6.Bd3 Nc6 7.Ne2 cxd4 8.cxd4 f6
9.exf6 Nxf6 10.O-O Bd6 11.Nf3 Qc7 12.g3 O-O 13.Bf4 Ng4 14.Bxd6 Qxd6 15.Nf4
Kh8 16.Qd2 e5 17.dxe5 Qh6 18.h4 Ncxe5 19.Nxe5 Nxe5 20.Be2 Bd7 21.Rad1 Bb5 
22.Rfe1 Bxe2 23.Qxe2 Rae8 24.Kg2 Qc6 25.Rc1 Qd7 26.Qh5 g6 27.Qd1 d4 28.Rc5
Nc6 29.Rd5 Qf7 30.b4 Rd8 31.Rxd8 Rxd8 32.b5 Ne7 33.Qf3 Nf5 34.a4 b6 35.Ne6
Re8 36.Ng5 Qd7 37.Rxe8+ Qxe8 38.Qb7 Qe7 39.Qd5 Kg7 40.Ne6+ Kf6 41.Nxd4 
Nxd4 42.Qxd4+ Kf7 43.Qd5+ Kg7 44.Kf1 Qc7 45.h5 Qe7 46.Qd4+ Kf7 47.Qf4+ Kg8
48.h6 Qd7 49.Qe5 Qd8 50.Kg2 Qd7 51.Kh2 1-0

[Event "zonal 2.3"]
[Site "San Salvador ESA"]
[Date "1995.12.??"]
[Round "?"]
[White "Pazos Gambarrotti, Plinio"]
[Black "Hernandez Guerrero, Gilberto"]
[Result "0-1"]
[WhiteElo "2310"]
[BlackElo "2525"]
[EventDate "1995.12.??"]
[PlyCount "62"]

1.e4 c5 2.Nf3 d6 3.d4 cxd4 4.Qxd4 Nc6 5.Bb5 Bd7 6.Bxc6 Bxc6 7.Nc3 Nf6 8.
Bg5 e6 9.O-O-O Be7 10.Rhe1 O-O 11.Kb1 Qc7 12.Qd2 Rfc8 13.Nd4 b5 14.f3 b4 
15.Nce2 a5 16.g4 Rab8 17.Ng3 Ba8 18.h4 a4 19.Rc1 Ne8 20.Bxe7 Qxe7 21.g5 
Rc5 22.Re3 Qc7 23.Rce1 Rc8 24.Rc1 Qb6 25.Nge2 g6 26.Ng3 e5 27.Nde2 d5 28.
c3 Nd6 29.Nf1 Nc4 30.Qd3 bxc3 31.Qxc3 d4 0-1

[Event "zonal 2.3"]
[Site "San Salvador ESA"]
[Date "1995.12.??"]
[Round "?"]
[White "Pazos Gambarrotti, Plinio"]
[Black "Infante Meyer, Salvador"]
[Result "1-0"]
[WhiteElo "2310"]
[BlackElo "2205"]
[EventDate "1995.12.??"]
[PlyCount "54"]

1.e4 c5 2.Nf3 d6 3.d4 cxd4 4.Qxd4 Nc6 5.Bb5 Bd7 6.Bxc6 Bxc6 7.Nc3 Nf6 8.
Bg5 e6 9.O-O-O Be7 10.Rhe1 O-O 11.Kb1 Qc7 12.Qd2 Rfd8 13.Nd4 Rab8 14.f3 b5
15.g4 Be8 16.Nce2 b4 17.Ng3 Qa5 18.h4 Rb6 19.Nb3 Qa4 20.Nh5 Rc8 21.Bxf6 
Bxf6 22.Nxf6+ gxf6 23.g5 f5 24.exf5 e5 25.f6 Bd7 26.g6 Bf5 27.Qh6 Bxc2+ 
1-0

[Event "zonal 2.3"]
[Site "San Salvador ESA"]
[Date "1995.12.??"]
[Round "?"]
[White "Pazos Gambarrotti, Plinio"]
[Black "Juarez Flores, Carlos Armando"]
[Result "1/2-1/2"]
[WhiteElo "2310"]
[BlackElo "2415"]
[EventDate "1995.12.??"]
[PlyCount "33"]

1.e4 e6 2.d4 d5 3.Nd2 Nf6 4.e5 Nfd7 5.Bd3 c5 6.c3 Nc6 7.Ne2 cxd4 8.cxd4 f6
9.exf6 Nxf6 10.O-O Bd6 11.Nf3 Qc7 12.g3 O-O 13.Bf4 Bd7 14.Bxd6 Qxd6 15.Nf4
e5 16.dxe5 Nxe5 17.Nxe5 1/2-1/2

[Event "zonal 2.3"]
[Site "San Salvador ESA"]
[Date "1995.12.??"]
[Round "?"]
[White "Pineda, Boris"]
[Black "Pazos Gambarrotti, Plinio"]
[Result "0-1"]
[WhiteElo "2255"]
[BlackElo "2310"]
[EventDate "1995.12.??"]
[PlyCount "64"]

1.c4 Nf6 2.Nc3 e5 3.Nf3 Nc6 4.g3 d6 5.Bg2 g6 6.d4 exd4 7.Nxd4 Bd7 8.Nxc6 
bxc6 9.Qa4 c5 10.Qa6 Bg7 11.Bg5 Rb8 12.Qxa7 h6 13.Bxf6 Bxf6 14.Nd5 Bxb2 
15.Rb1 O-O 16.O-O Bf5 17.Rbd1 Be6 18.Rb1 Kh7 19.Qa4 Bf5 20.e4 Be6 21.Qc2 
Be5 22.f4 Bd4+ 23.Kh1 Bxd5 24.cxd5 Qd7 25.h4 Rb6 26.e5 dxe5 27.f5 Rfb8 28.
fxg6+ fxg6 29.h5 Qg4 30.hxg6+ Kg8 31.Qd1 Qxg3 32.Qe1 Qg4 0-1

[Event "zonal 2.3"]
[Site "San Salvador ESA"]
[Date "1995.12.??"]
[Round "?"]
[White "Pineda, Boris"]
[Black "Zapata, Alonso"]
[Result "0-1"]
[WhiteElo "2255"]
[BlackElo "2530"]
[EventDate "1995.12.??"]
[PlyCount "66"]

1.c4 g6 2.Nc3 Bg7 3.g3 e5 4.e4 Nc6 5.Bg2 d6 6.Nge2 h5 7.h3 Nf6 8.d3 Nd7 9.
O-O Nc5 10.f4 h4 11.f5 hxg3 12.Nd5 a5 13.Nxg3 Nd4 14.Qg4 Bh6 15.Bxh6 Rxh6 
16.Nxc7+ Qxc7 17.Qg5 Rh8 18.fxg6 Be6 19.g7 Rg8 20.Nh5 Nd7 21.Rf2 f6 22.
Rxf6 Nxf6 23.Nxf6+ Kf7 24.Nh5 Qe7 25.Rf1+ Ke8 26.Qh6 Kd7 27.Nf6+ Kc7 28.
Nxg8 Rxg8 29.Qd2 Qxg7 30.Qxa5+ Kb8 31.Rf2 Bxh3 32.Qb4 Bxg2 33.Qxd6+ Kc8 
0-1

[Event "zonal 2.3"]
[Site "San Salvador ESA"]
[Date "1995.12.??"]
[Round "?"]
[White "Rohl Montes, Juan"]
[Black "Garcia, Gildardo"]
[Result "1/2-1/2"]
[WhiteElo "2325"]
[BlackElo "2540"]
[EventDate "1995.12.??"]
[PlyCount "65"]

1.e4 e5 2.Nf3 Nc6 3.d4 exd4 4.Nxd4 Nf6 5.Nc3 Bb4 6.Nxc6 bxc6 7.Bd3 d5 8.
exd5 cxd5 9.O-O O-O 10.Bg5 c6 11.Qf3 Rb8 12.Ne2 Bc5 13.Rab1 Bg4 14.Bxf6 
Bxf3 15.Bxd8 Bxe2 16.Bxe2 Rfxd8 17.c3 Re8 18.Bf3 a5 19.b3 Re5 20.Rfe1 Rf5 
21.b4 axb4 22.cxb4 Bf8 23.a3 g6 24.Rec1 Rb6 25.Kf1 Re5 26.Rb3 h5 27.Re1 f6
28.b5 Rxb5 29.Rxb5 Rxe1+ 30.Kxe1 cxb5 31.Bxd5+ Kg7 32.Bc6 Bxa3 33.Bxb5 
1/2-1/2

[Event "zonal 2.3"]
[Site "San Salvador ESA"]
[Date "1995.12.??"]
[Round "?"]
[White "Santa Torres, Luis"]
[Black "Espinosa Flores, Rafael"]
[Result "0-1"]
[WhiteElo "2285"]
[BlackElo "2420"]
[EventDate "1995.12.??"]
[PlyCount "62"]

1.d4 Nf6 2.c4 c5 3.d5 b5 4.Nf3 g6 5.cxb5 a6 6.b6 Qxb6 7.Nc3 d6 8.e4 Bg7 9.
Nd2 Nbd7 10.Nc4 Qc7 11.f4 O-O 12.Be2 Nb6 13.O-O Nxc4 14.Bxc4 Nd7 15.Be3 
Rb8 16.Rb1 Rb4 17.Bd3 Qb8 18.Qc2 c4 19.Be2 Qc7 20.Rfd1 Nb6 21.Bf1 Bg4 22.
Rdc1 Rb8 23.h3 Bd7 24.b3 cxb3 25.axb3 Qxc3 26.Qxc3 Bxc3 27.Rxc3 Rxe4 28.
Rd1 Bb5 29.Bxb5 axb5 30.Bxb6 Rxb6 31.g3 Ra6 0-1

[Event "zonal 2.3"]
[Site "San Salvador ESA"]
[Date "1995.12.??"]
[Round "?"]
[White "Zapata, Alonso"]
[Black "Garcia, Gildardo"]
[Result "0-1"]
[WhiteElo "2530"]
[BlackElo "2540"]
[EventDate "1995.12.??"]
[PlyCount "160"]

1.e4 e5 2.Nf3 Nc6 3.Bb5 a6 4.Ba4 Nf6 5.O-O Be7 6.Re1 b5 7.Bb3 d6 8.a4 Bg4 
9.c3 O-O 10.h3 Bxf3 11.Qxf3 Na5 12.Bc2 b4 13.d3 Nd7 14.Qg4 Rb8 15.Be3 bxc3
16.bxc3 Rb2 17.Qd1 h6 18.Bc1 Rb8 19.f4 Nc5 20.Ra2 exf4 21.Bxf4 Ne6 22.Bh2 
c5 23.Rf1 Rb7 24.Qg4 Bg5 25.Kh1 g6 26.Na3 Bf6 27.d4 cxd4 28.cxd4 Bxd4 29.
Bd3 Nc5 30.Bc4 Nxc4 31.Nxc4 Be5 32.Nxe5 dxe5 33.Bxe5 Qd3 34.Rxf7 Rfxf7 35.
Qxg6+ Rg7 36.Bxg7 Rxg7 37.Qe8+ Kh7 38.Rf2 Qxe4 39.Qxe4+ Nxe4 40.Rc2 h5 41.
Rc4 Ng3+ 42.Kg1 Rf7 43.Kh2 Nf1+ 44.Kg1 Ne3 45.Rc3 Rf1+ 46.Kh2 Nf5 47.Rc7+ 
Kg8 48.g4 hxg4 49.hxg4 Ne3 50.Kg3 Ra1 51.Kf3 Nd5 52.Rc5 Nb4 53.a5 Kf7 54.
Ke4 Ke6 55.Rc4 Rg1 56.Ke3 Rg3+ 57.Kd2 Rd3+ 58.Ke2 Rb3 59.g5 Kf5 60.Rc5+ 
Kg6 61.Re5 Kh5 62.Rc5 Ra3 63.Kd2 Rd3+ 64.Ke2 Rg3 65.Rc4 Rb3 66.Rc5 Ra3 67.
Kd2 Rd3+ 68.Ke2 Rd6 69.Ke3 Nc6 70.Kf4 Kg6 71.Ke4 Nd8 72.Rd5 Re6+ 73.Kf4 
Nf7 74.Rc5 Rd6 75.Kg4 Rd4+ 76.Kg3 Kh5 77.Kf3 Nxg5+ 78.Ke3 Rd6 79.Kf4 Rf6+ 
80.Rf5 Kg6 0-1